[Event "EYCC 2017"]
[Site "Mamaia"]
[Date "2017.09.09"]
[Round "5"]
[White "Davtyan, Arsen"]
[Black "Tsvetkov, Andrey"]
[Result "0-1"]
[WhiteElo "1969"]
[BlackElo "2219"]
[Annotator "TA"]
[PlyCount "106"]
[EventDate "2017.??.??"]
[EventType "swiss"]
[EventCountry "ROU"]
[SourceTitle "playchess.com"]
[Source "ChessBase"]
[SourceQuality "1"]

1. c4 c6 2. e4 d5 3. cxd5 cxd5 4. exd5 Nf6 5. Qa4+ Nbd7 6. Nc3 g6 7. Bc4 Bg7 8. Nf3 O-O 9. d3 a6 10. Qa3 b6 11. O-O Bb7 12. Be3 Re8 13. Rfe1 b5 14. Bb3 Bf8 15. Ng5 Ne5 16. Bc5 Nxd3 17. Re3 Nxc5 18. Qxc5 Qd6 19. Qxd6 exd6 20. Rae1 Bh6 21. h4 Kf8 22. Rxe8+ Rxe8 23. Rxe8+ Kxe8 24. a3 Bg7 25. Kf1 Ke7 26. Ke2 h6 27. Nf3 Nd7 28. Ke3 f5 29. g3 Nc5 30. Ba2 Bxc3 31. bxc3 Ne4 32. Kd4 Nxf2 33. Bb1 Kf6 34. Nd2 Ng4 35. c4 Ne5 36. c5 dxc5+ 37. Kxc5 Ke7 38. Ba2 Nd7+ 39. Kd4 Kd6 40. Nf3 Ba8 41. Ne1 Nf6 42. Nd3 Bxd5 43. Bxd5 Nxd5 44. Nc5 Nf6 45. Nxa6 Nh5 46. g4 fxg4 47. Ke4 Nf6+ 48. Kf4 h5 49. Kg3 Nd5 50. Kg2 Kc6 51. Nb8+ Kc7 52. Na6+ Kb6 53. Nb8 Nf6 0-1

[Event "EYCC 2017"]
[Site "Mamaia"]
[Date "2017.09.09"]
[Round "5"]
[White "Turan, Asim"]
[Black "Erenberg, Ariel"]
[Result "1/2-1/2"]
[WhiteElo "1956"]
[BlackElo "2386"]
[Annotator "TA"]
[PlyCount "73"]
[EventDate "2017.??.??"]
[EventType "swiss"]
[EventCountry "ROU"]
[SourceTitle "playchess.com"]
[Source "ChessBase"]
[SourceQuality "1"]

1. d4 Nf6 2. c4 e6 3. Nf3 b6 4. g3 Bb4+ 5. Nbd2 Bb7 6. Bg2 O-O 7. O-O Re8 8. Qc2 d5 9. Ne5 Nbd7 10. Ndf3 Nxe5 11. Nxe5 Bd6 12. Nd3 c6 13. b3 Rc8 14. Bb2 Qe7 15. c5 Bb8 16. b4 Ba6 17. Rfd1 Nd7 18. a4 bxc5 19. Nxc5 Nxc5 20. bxc5 e5 21. e4 exd4 22. exd5 cxd5 23. Bxd4 Bc4 24. Rab1 Be5 25. Re1 Qc7 26. Qc3 Bxd4 27. Rxe8+ Rxe8 28. Qxd4 Qa5 29. h4 h5 30. Bxd5 Re1+ 31. Rxe1 Qxe1+ 32. Kh2 Bxd5 33. Qxd5 Qxf2+ 34. Kh1 Qf1+ 35. Kh2 Qf2+ 36. Kh1 Qf1+ 37. Kh2 1/2-1/2

[Event "EYCC 2017"]
[Site "Mamaia"]
[Date "2017.09.09"]
[Round "5"]
[White "Dwilewicz, Katarzyna"]
[Black "Balajayeva, Khanim"]
[Result "1/2-1/2"]
[WhiteElo "1884"]
[BlackElo "2342"]
[Annotator "TA"]
[PlyCount "62"]
[EventDate "2017.??.??"]
[EventType "swiss"]
[EventCountry "ROU"]
[SourceTitle "playchess.com"]
[Source "ChessBase"]
[SourceQuality "1"]

1. e4 e5 2. Nf3 Nc6 3. Bb5 Nge7 4. O-O g6 5. c3 a6 6. Ba4 Bg7 7. d4 exd4 8. cxd4 b5 9. Bc2 O-O 10. h3 d6 11. Nc3 Bb7 12. Re1 Na5 13. Bg5 h6 14. Bxe7 Qxe7 15. Nd5 Qd7 16. Rc1 Nc4 17. Bb3 f5 18. Qc2 fxe4 19. Qxe4 Kh7 20. Bc2 Qf7 21. Qh4 Bf6 22. Nxf6+ Qxf6 23. Re7+ Kg8 24. Rxc7 Bxf3 25. Qxh6 Rfc8 26. Qh7+ Kf8 27. Qh6+ Kg8 28. Qh7+ Kf8 29. Qh6+ Kg8 30. Rxc8+ Rxc8 31. gxf3 Rc7 1/2-1/2

[Event "EYCC 2017"]
[Site "Mamaia"]
[Date "2017.09.09"]
[Round "5"]
[White "Dejanovic, Tereza"]
[Black "Miroshnik, Ekaterina"]
[Result "0-1"]
[WhiteElo "1808"]
[BlackElo "2006"]
[Annotator "NA"]
[PlyCount "107"]
[EventDate "2017.??.??"]
[EventType "swiss"]
[EventCountry "ROU"]
[SourceTitle "playchess.com"]
[Source "ChessBase"]
[SourceQuality "1"]

1. e4 c5 2. c3 Nf6 3. e5 Nd5 4. d4 cxd4 5. Nf3 e6 6. cxd4 d6 7. Bc4 Be7 8. O-O O-O 9. Re1 Nc6 10. a3 Bd7 11. Bxd5 exd5 12. Qb3 Na5 13. Qd3 h6 14. Bf4 Be6 15. exd6 Bxd6 16. Bxd6 Qxd6 17. Nbd2 Nc4 18. Rab1 Qf4 19. Nxc4 dxc4 20. Qe3 Qxe3 21. fxe3 f5 22. Ne5 Rfd8 23. Red1 Rac8 24. Rbc1 b5 25. g4 Rd6 26. gxf5 Bxf5 27. Rf1 Be6 28. Rf2 a5 29. Rfc2 Kh7 30. Rd2 Bd5 31. Re2 Be4 32. Rf2 Bd5 33. Re2 Be4 34. Rf2 Rf6 35. Rd2 Rd6 36. Rf2 Rf6 37. Rd2 Rf5 38. Rf2 Rf6 39. Rd2 Rf5 40. Rf2 Rf6 41. Rd2 Rcf8 42. a4 b4 43. h4 c3 44. bxc3 bxc3 45. Rxc3 Rf1+ 46. Kh2 Rh1+ 47. Kg3 Rff1 48. Rc7 Rfg1+ 49. Kf4 Rxh4+ 50. Ng4 Rgxg4+ 51. Ke5 Rg5+ 52. Kd6 Rd5+ 53. Ke7 Bh1 54. Rd7 0-1

[Event "EYCC 2017"]
[Site "Mamaia"]
[Date "2017.09.11"]
[Round "6"]
[White "Martirosyan, Haik M"]
[Black "Morozov, Nichita"]
[Result "1-0"]
[WhiteElo "2570"]
[BlackElo "2461"]
[Annotator "TA"]
[PlyCount "93"]
[EventDate "2017.??.??"]
[EventType "swiss"]
[EventCountry "ROU"]
[SourceTitle "playchess.com"]
[Source "ChessBase"]
[SourceQuality "1"]

1. d4 Nf6 2. c4 g6 3. Nf3 Bg7 4. g3 c6 5. Bg2 d5 6. Qb3 O-O 7. O-O Qb6 8. Nc3 Rd8 9. h3 Be6 10. c5 Qxb3 11. axb3 Na6 12. Bf4 Nd7 13. g4 f6 14. Ra4 Bf7 15. b4 e5 16. Bg3 Nc7 17. e3 a6 18. Nd2 Nb5 19. Nb3 f5 20. Rd1 f4 21. exf4 Nxd4 22. Nxd4 exd4 23. Ne2 d3 24. Nc1 Bxb2 25. Nb3 Nf8 26. Bf1 Rd7 27. Bxd3 Re8 28. f5 g5 29. f3 d4 30. Nd2 Re3 31. Bc4 Ra3 32. Bxf7+ Rxf7 33. Rxa3 Bxa3 34. Rb1 a5 35. bxa5 Bxc5 36. Ne4 Ba7 37. Nxg5 Rd7 38. Ne4 d3+ 39. Bf2 Bd4 40. Bxd4 Rxd4 41. Rxb7 d2 42. Nxd2 Rxd2 43. a6 Ra2 44. a7 c5 45. Kf1 h6 46. Ke1 c4 47. Kd1 1-0

[Event "EYCC 2017"]
[Site "Mamaia"]
[Date "2017.09.11"]
[Round "6"]
[White "Esipenko, Andrey"]
[Black "Stoleriu, George"]
[Result "1-0"]
[WhiteElo "2540"]
[BlackElo "2315"]
[Annotator "TA"]
[PlyCount "91"]
[EventDate "2017.??.??"]
[EventType "swiss"]
[EventCountry "ROU"]
[SourceTitle "playchess.com"]
[Source "ChessBase"]
[SourceQuality "1"]

1. d4 Nf6 2. c4 e6 3. Nf3 Bb4+ 4. Nbd2 b6 5. a3 Bxd2+ 6. Qxd2 Bb7 7. e3 a5 8. b3 d6 9. Be2 O-O 10. O-O Nbd7 11. Bb2 Ne4 12. Qc2 f5 13. d5 exd5 14. Rad1 c5 15. cxd5 Ba6 16. Bxa6 Rxa6 17. Ne1 a4 18. bxa4 Qe7 19. Nd3 Nef6 20. Nf4 Qe4 21. Qe2 Rxa4 22. Ne6 Rc8 23. f3 Qc4 24. Qf2 Qh4 25. Qc2 g6 26. e4 b5 27. exf5 Rc4 28. Qb3 Rb8 29. Qd3 Kf7 30. f4 Qg4 31. Ng5+ Kg7 32. fxg6 hxg6 33. Rde1 Qf5 34. Qe3 Rf8 35. Ne6+ Kf7 36. Nxf8 Re4 37. Qd2 Kxf8 38. Rxe4 Qxe4 39. Bxf6 Nxf6 40. Re1 Qxd5 41. Qxd5 Nxd5 42. Rd1 Nc3 43. Rxd6 Nb1 44. Rd5 c4 45. Rxb5 Nxa3 46. Ra5 1-0

[Event "EYCC 2017"]
[Site "Mamaia"]
[Date "2017.09.11"]
[Round "6"]
[White "Sorokin, Aleksey"]
[Black "Sousa, Andre Ventura"]
[Result "1-0"]
[WhiteElo "2486"]
[BlackElo "2386"]
[Annotator "TA"]
[PlyCount "95"]
[EventDate "2017.??.??"]
[EventType "swiss"]
[EventCountry "ROU"]
[SourceTitle "playchess.com"]
[Source "ChessBase"]
[SourceQuality "1"]

1. d4 d5 2. Nf3 Nf6 3. c4 e6 4. g3 Bb4+ 5. Bd2 Bd6 6. Nc3 c6 7. Qc2 Nbd7 8. e4 Nxe4 9. Nxe4 dxe4 10. Qxe4 O-O 11. Bd3 Nf6 12. Qh4 Re8 13. O-O-O b5 14. c5 Bxc5 15. g4 Qd5 16. g5 Qxf3 17. gxf6 Qxd3 18. dxc5 Qc4+ 19. Qxc4 bxc4 20. Bc3 e5 21. Rhg1 g6 22. Rd6 Bf5 23. Rxc6 Rac8 24. Rxc8 Rxc8 25. Rd1 h6 26. Rd5 Be6 27. Rxe5 Kf8 28. Bd2 Ke8 29. Bxh6 Kd7 30. Bg7 Re8 31. f4 Kc6 32. f5 gxf5 33. Bh6 Kd7 34. h4 Rh8 35. Bg5 Kc6 36. h5 Rxh5 37. Rxe6+ fxe6 38. f7 Rh8 39. Be7 f4 40. f8=Q Rxf8 41. Bxf8 e5 42. Kd2 e4 43. Bd6 f3 44. Ke3 Kd5 45. Bf8 Kc6 46. Bg7 Kd5 47. Bd4 a5 48. a4 1-0

[Event "EYCC 2017"]
[Site "Mamaia"]
[Date "2017.09.11"]
[Round "6"]
[White "Van Foreest, Lucas"]
[Black "Engel, Luis"]
[Result "1-0"]
[WhiteElo "2485"]
[BlackElo "2363"]
[Annotator "TA"]
[PlyCount "123"]
[EventDate "2017.??.??"]
[EventType "swiss"]
[EventCountry "ROU"]
[SourceTitle "playchess.com"]
[Source "ChessBase"]
[SourceQuality "1"]

1. e4 c5 2. Nf3 d6 3. d4 cxd4 4. Nxd4 Nf6 5. Nc3 a6 6. Be3 e5 7. Nf3 Be7 8. Bc4 O-O 9. O-O Nc6 10. Qe2 Be6 11. Bb3 Rc8 12. Rfd1 Qc7 13. Bg5 Ne8 14. Bxe7 Qxe7 15. Qd2 Bg4 16. Nd5 Qd8 17. Qe3 Nd4 18. Nxd4 Bxd1 19. Nf5 Bg4 20. Nfe7+ Kh8 21. Nxc8 Bxc8 22. Qb6 Qxb6 23. Nxb6 Be6 24. Rd1 Kg8 25. Bd5 Nf6 26. Bxe6 fxe6 27. Rxd6 Nxe4 28. Rxe6 Nxf2 29. Rxe5 Ng4 30. Re4 Nf6 31. Re2 Rd8 32. h3 Kf7 33. Nc4 Rd5 34. Kf2 Nd7 35. Rd2 Rf5+ 36. Ke1 Ke6 37. Re2+ Kf6 38. Nd6 Rd5 39. Rd2 Re5+ 40. Re2 Rd5 41. Ne4+ Kf5 42. Ng3+ Kf6 43. Rd2 Re5+ 44. Kf2 Nc5 45. Rd6+ Ke7 46. Rb6 Kd7 47. Rb4 Kc6 48. Rf4 Re7 49. Nf5 Rd7 50. Nd4+ Kd5 51. Ne2 Ne6 52. Rf5+ Ke4 53. Ng3+ Kd4 54. Ke1 g6 55. Ra5 Rf7 56. Ne2+ Ke4 57. Nc3+ Kd4 58. Rd5+ Kc4 59. Re5 Nd4 60. Re4 Kc5 61. b4+ Kxb4 62. Ne2 1-0

[Event "EYCC 2017"]
[Site "Mamaia"]
[Date "2017.09.11"]
[Round "6"]
[White "Thybo, Jesper Sondergaard"]
[Black "Kouskoutis, Georgios-Alexandros"]
[Result "1-0"]
[WhiteElo "2466"]
[BlackElo "2314"]
[Annotator "TA"]
[PlyCount "117"]
[EventDate "2017.??.??"]
[EventType "swiss"]
[EventCountry "ROU"]
[SourceTitle "playchess.com"]
[Source "ChessBase"]
[SourceQuality "1"]

1. d4 Nf6 2. c4 e6 3. Nf3 d5 4. g3 Be7 5. Bg2 O-O 6. O-O c6 7. Qc2 b6 8. b3 Nbd7 9. Rd1 Bb7 10. Nc3 Ba6 11. Bb2 Qc8 12. Nd2 b5 13. e4 dxc4 14. bxc4 bxc4 15. Rdc1 Rb8 16. Nd1 c5 17. d5 exd5 18. exd5 Ne8 19. Nxc4 Bxc4 20. Qxc4 Nd6 21. Qc2 Re8 22. Ne3 Bg5 23. Re1 Qa6 24. Bh3 Nf8 25. a4 Bxe3 26. Rxe3 Rxe3 27. fxe3 Qb7 28. Ba3 Rd8 29. Qxc5 Ne4 30. Qb5 Qc7 31. Rc1 Qe5 32. d6 Qf6 33. Qf5 Qxf5 34. Bxf5 Nxd6 35. Rd1 Nb7 36. Rxd8 Nxd8 37. Bc5 Nc6 38. Bc8 f6 39. Bd6 Ng6 40. Be6+ Kh8 41. Kf2 Nge5 42. Ke2 g6 43. Bf8 Nb8 44. Kd2 Nbd7 45. Be7 Kg7 46. Kc3 Nb8 47. Bc5 Nbc6 48. Bd5 f5 49. Bxc6 Nxc6 50. Kc4 a6 51. Kd5 Na5 52. Bb4 Nb3 53. Kc4 Nc1 54. Bd2 Ne2 55. Kc5 Kf6 56. Kb6 Ke5 57. Kxa6 Ke4 58. Kb7 Kd3 59. a5 1-0

[Event "EYCC 2017"]
[Site "Mamaia"]
[Date "2017.09.11"]
[Round "6"]
[White "Vykouk, Jan"]
[Black "Radovic, Janko"]
[Result "1/2-1/2"]
[WhiteElo "2440"]
[BlackElo "2330"]
[Annotator "TA"]
[PlyCount "56"]
[EventDate "2017.??.??"]
[EventType "swiss"]
[EventCountry "ROU"]
[SourceTitle "playchess.com"]
[Source "ChessBase"]
[SourceQuality "1"]

1. e4 c5 2. Nf3 d6 3. d4 cxd4 4. Nxd4 Nf6 5. Nc3 a6 6. Be3 e5 7. Nb3 Be6 8. f3 h5 9. Nd5 Nxd5 10. exd5 Bf5 11. Bd3 Bxd3 12. Qxd3 Be7 13. O-O O-O 14. f4 Nd7 15. Qe2 exf4 16. Bxf4 g6 17. Kh1 Re8 18. Qf3 Qc7 19. c3 Bf8 20. Nd4 Ne5 21. Qg3 Qc4 22. Ne6 Bg7 23. b3 Qc8 24. Nxg7 Kxg7 25. Bg5 Qg4 26. Bf6+ Kg8 27. Qxg4 Nxg4 28. c4 b5 1/2-1/2

[Event "EYCC 2017"]
[Site "Mamaia"]
[Date "2017.09.11"]
[Round "6"]
[White "Sargsyan, Shant"]
[Black "Pultinevicius, Paulius"]
[Result "1/2-1/2"]
[WhiteElo "2436"]
[BlackElo "2381"]
[Annotator "TA"]
[PlyCount "86"]
[EventDate "2017.??.??"]
[EventType "swiss"]
[EventCountry "ROU"]
[SourceTitle "playchess.com"]
[Source "ChessBase"]
[SourceQuality "1"]

1. d4 Nf6 2. c4 e6 3. Nf3 b6 4. g3 Ba6 5. b3 Bb7 6. Bg2 Bb4+ 7. Bd2 c5 8. Bxb4 cxb4 9. O-O O-O 10. Nbd2 Qe7 11. Qc2 d5 12. Rac1 Nc6 13. Qb2 Rfd8 14. Rfd1 Rac8 15. e3 Rc7 16. Ne5 Rdc8 17. h3 Nxe5 18. dxe5 Nd7 19. f4 Qc5 20. Kf2 Qa5 21. cxd5 exd5 22. Rxc7 Rxc7 23. Nf3 Rc3 24. Nd4 Nc5 25. Bf1 Ne4+ 26. Kf3 Qc5 27. Bd3 f6 28. e6 Nd6 29. Kf2 Ne4+ 30. Bxe4 dxe4 31. Qe2 Rd3 32. f5 g6 33. Rxd3 exd3 34. Qxd3 Qd5 35. e4 Qxe4 36. Qxe4 Bxe4 37. g4 gxf5 38. gxf5 Bb1 39. Ke3 a5 40. Kd2 Kf8 41. Nc2 Bxa2 42. Nd4 Bb1 43. Nc2 Ba2 1/2-1/2

[Event "EYCC 2017"]
[Site "Mamaia"]
[Date "2017.09.11"]
[Round "6"]
[White "Matviishen, Viktor"]
[Black "Hakobyan, Aram"]
[Result "1-0"]
[WhiteElo "2431"]
[BlackElo "2472"]
[Annotator "TA"]
[PlyCount "109"]
[EventDate "2017.??.??"]
[EventType "swiss"]
[EventCountry "ROU"]
[SourceTitle "playchess.com"]
[Source "ChessBase"]
[SourceQuality "1"]

1. d4 Nf6 2. c4 e6 3. g3 Bb4+ 4. Nd2 c5 5. a3 Bxd2+ 6. Qxd2 cxd4 7. Nf3 b6 8. Bg2 Bb7 9. Qxd4 Nc6 10. Qh4 h6 11. Bg5 Rg8 12. Bxf6 Qxf6 13. Qxf6 gxf6 14. Nd2 Na5 15. Bxb7 Nxb7 16. e3 Ke7 17. Ke2 Rac8 18. Rac1 Rc7 19. Rc3 Rgc8 20. Rhc1 f5 21. Rd3 d5 22. Rdc3 Nd6 23. cxd5 Rxc3 24. Rxc3 Rxc3 25. bxc3 exd5 26. Nb3 Nb5 27. Nd4 Nxd4+ 28. exd4 Kd6 29. Ke3 Kc6 30. Kf4 Kb5 31. Kxf5 Kc4 32. h4 Kxc3 33. g4 b5 34. h5 a5 35. g5 b4 36. axb4 axb4 37. gxh6 b3 38. h7 b2 39. h8=Q b1=Q+ 40. Kf6 Qb6+ 41. Kxf7 Qb7+ 42. Kg6 Qb1+ 43. Kf6 Qe4 44. Qc8+ Kxd4 45. Qf5 Qh1 46. Kg7 Kc3 47. h6 d4 48. Qc5+ Kd3 49. h7 Qg2+ 50. Kh6 Qh2+ 51. Qh5 Qf4+ 52. Kg7 Qc7+ 53. Qf7 Qe5+ 54. Qf6 Qc7+ 55. Kg6 1-0

[Event "EYCC 2017"]
[Site "Mamaia"]
[Date "2017.09.11"]
[Round "6"]
[White "Janik, Igor"]
[Black "Deac, Bogdan-Daniel"]
[Result "0-1"]
[WhiteElo "2418"]
[BlackElo "2559"]
[Annotator "TA"]
[PlyCount "66"]
[EventDate "2017.??.??"]
[EventType "swiss"]
[EventCountry "ROU"]
[SourceTitle "playchess.com"]
[Source "ChessBase"]
[SourceQuality "1"]

1. e4 c5 2. Nf3 d6 3. d4 cxd4 4. Nxd4 Nf6 5. Nc3 a6 6. Bg5 Nbd7 7. Qe2 h6 8. Bh4 g6 9. O-O-O e5 10. Nb3 Be7 11. f3 b5 12. Bf2 Bb7 13. a3 Rc8 14. h4 Nb6 15. Nc5 Qc7 16. Nxb7 Qxb7 17. g4 Rxc3 18. Bxb6 Rxa3 19. bxa3 Qxb6 20. Rd3 Nd7 21. Qe3 Nc5 22. Rd5 Qa5 23. Kb2 Na4+ 24. Kb3 Nb6 25. Rd1 d5 26. Ka2 Na4 27. Ra1 Nc3+ 28. Kb2 d4 29. Qd3 O-O 30. f4 Rc8 31. fxe5 Na4+ 32. Kb1 Qe1+ 33. Ka2 Nc3+ 0-1

[Event "EYCC 2017"]
[Site "Mamaia"]
[Date "2017.09.11"]
[Round "6"]
[White "Vrolijk, Liam"]
[Black "Yordanov, Lachezar"]
[Result "1-0"]
[WhiteElo "2418"]
[BlackElo "2297"]
[Annotator "TA"]
[PlyCount "91"]
[EventDate "2017.??.??"]
[EventType "swiss"]
[EventCountry "ROU"]
[SourceTitle "playchess.com"]
[Source "ChessBase"]
[SourceQuality "1"]

1. d4 Nf6 2. c4 e6 3. Nf3 Bb4+ 4. Bd2 Qe7 5. g3 Nc6 6. Nc3 O-O 7. Bg2 Na5 8. b3 b6 9. O-O Bb7 10. Qc2 d5 11. cxd5 exd5 12. Ne5 c5 13. a3 cxd4 14. axb4 dxc3 15. Bxc3 Nc6 16. Nxc6 Bxc6 17. Bxf6 Qxf6 18. Rfc1 Bb5 19. Bxd5 Rad8 20. Bc4 a6 21. Rd1 g6 22. Rac1 Qe7 23. Qc3 Bxc4 24. bxc4 Rxd1+ 25. Rxd1 Qxe2 26. Re1 Qg4 27. c5 bxc5 28. bxc5 Qd7 29. c6 Qd6 30. Ra1 Ra8 31. Ra5 Qc7 32. h4 h5 33. Kg2 Qb6 34. Rd5 Rc8 35. Rd6 a5 36. Qc4 Rc7 37. Rxg6+ Kf8 38. Rh6 Kg7 39. Rd6 f6 40. Qe6 Rf7 41. Rd7 Rxd7 42. Qxd7+ Kg6 43. c7 Qb7+ 44. Kh2 Qb6 45. Qd3+ Kg7 46. Qc2 1-0

[Event "EYCC 2017"]
[Site "Mamaia"]
[Date "2017.09.11"]
[Round "6"]
[White "Henderson de La Fuente, Lance"]
[Black "Kucuksari, Kaan"]
[Result "1/2-1/2"]
[WhiteElo "2408"]
[BlackElo "2319"]
[Annotator "TA"]
[PlyCount "115"]
[EventDate "2017.??.??"]
[EventType "swiss"]
[EventCountry "ROU"]
[SourceTitle "playchess.com"]
[Source "ChessBase"]
[SourceQuality "1"]

1. e4 c5 2. Nf3 e6 3. d4 cxd4 4. Nxd4 a6 5. c4 Nf6 6. Nc3 Qc7 7. a3 d6 8. Be2 Be7 9. O-O Nbd7 10. Be3 b6 11. Rc1 Bb7 12. f3 O-O 13. Qd2 Rac8 14. Rfd1 Rfe8 15. b4 Qb8 16. Nb3 h5 17. Bf1 h4 18. Qf2 Bd8 19. Na4 d5 20. Nxb6 Bxb6 21. Bxb6 dxe4 22. Bc5 exf3 23. Bd6 Qa8 24. Qxh4 fxg2 25. Bd3 Bf3 26. Re1 e5 27. Bf5 e4 28. Nd4 Rcd8 29. Nxf3 exf3 30. Be7 Rb8 31. Rcd1 Rb7 32. Qg3 Qb8 33. Qxb8 Nxb8 34. Bxf6 Rxe1+ 35. Rxe1 gxf6 36. Re8+ Kg7 37. Be4 Rd7 38. Bxf3 Rd3 39. Be4 Re3 40. Rxb8 Rxe4 41. c5 Re2 42. Rd8 f5 43. Rd3 Rc2 44. Rf3 Kf6 45. Rf2 Rc3 46. Kxg2 Rxa3 47. Rc2 Ke7 48. c6 Kd8 49. Rc4 Ra4 50. h4 Kc7 51. h5 a5 52. h6 axb4 53. Kg3 Ra8 54. Rxb4 Kxc6 55. Kf4 Rh8 56. Kg5 Kd5 57. Rb1 f4 58. Rf1 1/2-1/2

[Event "EYCC 2017"]
[Site "Mamaia"]
[Date "2017.09.11"]
[Round "6"]
[White "Warmerdam, Max"]
[Black "Askerov, Marat"]
[Result "1/2-1/2"]
[WhiteElo "2399"]
[BlackElo "2281"]
[Annotator "TA"]
[PlyCount "73"]
[EventDate "2017.??.??"]
[EventType "swiss"]
[EventCountry "ROU"]
[SourceTitle "playchess.com"]
[Source "ChessBase"]
[SourceQuality "1"]

1. e4 c6 2. d4 d5 3. e5 Bf5 4. Nf3 e6 5. Be2 Ne7 6. O-O c5 7. dxc5 Nec6 8. Be3 Nd7 9. c4 dxc4 10. Na3 c3 11. Qb3 Bxc5 12. Bxc5 Nxc5 13. Qxc3 Qe7 14. Bb5 Be4 15. Rac1 Nd7 16. Nd4 Qg5 17. f3 Bd5 18. Nxc6 bxc6 19. Bxc6 Rc8 20. Bxd7+ Kxd7 21. Qe1 Bxf3 22. Rd1+ Bxd1 23. Qxd1+ Ke7 24. Qd6+ Ke8 25. Nb5 Qe3+ 26. Kh1 Qe2 27. Nc7+ Rxc7 28. Rd1 Qxd1+ 29. Qxd1 f6 30. h3 Kf7 31. exf6 Rhc8 32. Qh5+ Kxf6 33. Qxh7 Rc2 34. Qh4+ Kf7 35. Qf4+ Kg8 36. Qe3 Re8 37. Qe5 1/2-1/2

[Event "EYCC 2017"]
[Site "Mamaia"]
[Date "2017.09.11"]
[Round "6"]
[White "Haria, Ravi"]
[Black "Livaic, Leon"]
[Result "0-1"]
[WhiteElo "2398"]
[BlackElo "2461"]
[Annotator "TA"]
[PlyCount "80"]
[EventDate "2017.??.??"]
[EventType "swiss"]
[EventCountry "ROU"]
[SourceTitle "playchess.com"]
[Source "ChessBase"]
[SourceQuality "1"]

1. e4 e6 2. d4 d5 3. Nd2 c5 4. Ngf3 cxd4 5. Nxd4 Nf6 6. exd5 Nxd5 7. N2f3 Bb4+ 8. Bd2 O-O 9. Be2 Nd7 10. c3 Be7 11. O-O Bf6 12. c4 Ne7 13. Qc2 Nc5 14. Be3 e5 15. Nb5 Bf5 16. Qc1 Nd3 17. Bxd3 Bxd3 18. Rd1 e4 19. Ne1 Nc6 20. Bc5 Re8 21. Nd6 Bd4 22. Ba3 Re6 23. Nxd3 exd3 24. Nb5 Qh4 25. Rf1 Rh6 26. Bd6 Ne5 27. Bxe5 Bxe5 28. h3 a6 29. Nc3 Qxc4 30. Qe3 Bxc3 31. bxc3 Rd8 32. Qe7 Qc8 33. Rab1 b5 34. a4 Re6 35. Qh4 bxa4 36. Rb4 a3 37. Rd1 d2 38. f4 Rde8 39. Kh2 Qxc3 40. f5 Re1 0-1

[Event "EYCC 2017"]
[Site "Mamaia"]
[Date "2017.09.11"]
[Round "6"]
[White "Tica, Sven"]
[Black "Costachi, Mihnea"]
[Result "1/2-1/2"]
[WhiteElo "2389"]
[BlackElo "2418"]
[Annotator "TA"]
[PlyCount "101"]
[EventDate "2017.??.??"]
[EventType "swiss"]
[EventCountry "ROU"]
[SourceTitle "playchess.com"]
[Source "ChessBase"]
[SourceQuality "1"]

1. Nf3 Nf6 2. d4 g6 3. g3 Bg7 4. Bg2 O-O 5. O-O d6 6. b3 c5 7. c4 e5 8. dxe5 dxe5 9. Bb2 e4 10. Qxd8 Rxd8 11. Ng5 Bf5 12. g4 Bxg4 13. Nxe4 Nxe4 14. Bxg7 Kxg7 15. Bxe4 Nc6 16. Nc3 Nd4 17. f3 Bh3 18. Rfd1 Rab8 19. e3 Ne6 20. Kf2 Ng5 21. Bd5 Bd7 22. Rd2 b6 23. Rad1 Be8 24. e4 Ne6 25. Bxe6 Rxd2+ 26. Rxd2 fxe6 27. e5 Kf7 28. Rd6 Ke7 29. Ne4 h5 30. Ke3 Rc8 31. Kf4 Bc6 32. Nf6 Rc7 33. a4 g5+ 34. Kxg5 Bxf3 35. Kg6 Bg4 36. h4 Be2 37. Ng8+ Ke8 38. Nf6+ Ke7 39. Kg7 Bf3 40. Rd2 Rb7 41. Rd3 Be2 42. Re3 Bd1 43. Kh6 Rb8 44. Rd3 Rd8 45. Rxd8 Kxd8 46. Kg7 Ke7 47. Ng8+ Ke8 48. Nf6+ Ke7 49. Ng8+ Ke8 50. Nf6+ Ke7 51. Ng8+ 1/2-1/2

[Event "EYCC 2017"]
[Site "Mamaia"]
[Date "2017.09.11"]
[Round "6"]
[White "Erenberg, Ariel"]
[Black "Macko, Miroslav"]
[Result "1-0"]
[WhiteElo "2386"]
[BlackElo "2303"]
[Annotator "TA"]
[PlyCount "117"]
[EventDate "2017.??.??"]
[EventType "swiss"]
[EventCountry "ROU"]
[SourceTitle "playchess.com"]
[Source "ChessBase"]
[SourceQuality "1"]

1. d4 d5 2. c4 e6 3. Nc3 Bb4 4. Nf3 dxc4 5. e3 b5 6. Bd2 c6 7. a4 a5 8. axb5 Bxc3 9. Bxc3 cxb5 10. b3 Bb7 11. bxc4 b4 12. Bb2 Nf6 13. Bd3 Nbd7 14. O-O O-O 15. Re1 Be4 16. Bxe4 Nxe4 17. Qc2 f5 18. Rec1 Qc7 19. Ne1 Qc6 20. Nd3 Rfb8 21. f3 Nef6 22. Qa4 Qxa4 23. Rxa4 Nb6 24. Ra2 Rc8 25. c5 Nbd5 26. Re1 Ne7 27. Ra4 Nc6 28. Nc1 Rcb8 29. e4 Kf7 30. Nb3 Rd8 31. Kf2 Ra7 32. h3 g5 33. Ke3 Nh5 34. Rc1 Nf4 35. g3 Ng6 36. Kf2 h5 37. Ke2 h4 38. gxh4 Nxh4 39. Rg1 fxe4 40. fxe4 Ng6 41. Rxg5 Rh8 42. Rg3 Rxh3 43. Rxh3 Nf4+ 44. Ke3 Nxh3 45. d5 exd5 46. exd5 Ne7 47. Kd4 Nf4 48. d6 Nc6+ 49. Ke4 Ne2 50. Kd5 Ra6 51. Kc4 Ke6 52. Kb5 Nb8 53. Ra1 Kd7 54. Re1 Nc3+ 55. Bxc3 bxc3 56. Re7+ Kd8 57. Nd4 Ra8 58. Ne6+ Kc8 59. Rc7# 1-0

[Event "EYCC 2017"]
[Site "Mamaia"]
[Date "2017.09.11"]
[Round "6"]
[White "Shubin, Kirill"]
[Black "Mukhutdinov, Tigran"]
[Result "1/2-1/2"]
[WhiteElo "2375"]
[BlackElo "2227"]
[Annotator "TA"]
[PlyCount "121"]
[EventDate "2017.??.??"]
[EventType "swiss"]
[EventCountry "ROU"]
[SourceTitle "playchess.com"]
[Source "ChessBase"]
[SourceQuality "1"]

1. e4 e5 2. Nf3 Nc6 3. Bb5 a6 4. Ba4 Nf6 5. O-O Be7 6. d3 b5 7. Bb3 O-O 8. Nc3 d6 9. a3 Na5 10. Ba2 Be6 11. b4 Bxa2 12. Rxa2 Nc6 13. Bg5 Qd7 14. Qa1 Nh5 15. Bxe7 Nxe7 16. Qd1 Nf4 17. Ne2 Nxe2+ 18. Qxe2 Ng6 19. g3 f5 20. c4 fxe4 21. Qxe4 c6 22. Qe2 Rae8 23. Ng5 Qf5 24. Ne4 Re6 25. f3 Ne7 26. a4 bxc4 27. dxc4 Qg6 28. c5 d5 29. Nd6 Ra8 30. b5 Rxd6 31. cxd6 Qxd6 32. bxc6 Nxc6 33. Rd1 Nb4 34. Rad2 Qc5+ 35. Kh1 Re8 36. Qe1 Qc3 37. Kg2 Rf8 38. Qe2 h6 39. h4 Re8 40. a5 Rf8 41. Rxd5 Nxd5 42. Rxd5 Re8 43. Qe4 Qb2+ 44. Kh3 Qa1 45. h5 Kh8 46. f4 Qf1+ 47. Kh4 Qc1 48. Qa4 Qh1+ 49. Kg4 Qxd5 50. Qxe8+ Kh7 51. Qg6+ Kh8 52. Qxa6 Qd1+ 53. Kf5 exf4 54. Kxf4 Qd4+ 55. Kf3 Qd1+ 56. Kg2 Qc2+ 57. Kg1 Qc1+ 58. Kh2 Qc2+ 59. Kh3 Qf5+ 60. Kg2 Qc2+ 61. Kf3 1/2-1/2

[Event "EYCC 2017"]
[Site "Mamaia"]
[Date "2017.09.11"]
[Round "6"]
[White "Balajayeva, Khanim"]
[Black "Rogozenco, Teodora"]
[Result "1-0"]
[WhiteElo "2342"]
[BlackElo "2024"]
[Annotator "TA"]
[PlyCount "93"]
[EventDate "2017.??.??"]
[EventType "swiss"]
[EventCountry "ROU"]
[SourceTitle "playchess.com"]
[Source "ChessBase"]
[SourceQuality "1"]

1. e4 e5 2. Nf3 Nc6 3. Bc4 Bc5 4. c3 Nf6 5. d3 a6 6. O-O d6 7. a4 h6 8. Na3 O-O 9. Nc2 d5 10. exd5 Nxd5 11. Re1 Be6 12. Qe2 Qf6 13. Bd2 Rfe8 14. b4 Bd6 15. b5 axb5 16. axb5 Rxa1 17. Nxa1 Na5 18. Bxd5 Bxd5 19. c4 Bxf3 20. Qxf3 Qxf3 21. gxf3 Ra8 22. Bc3 b6 23. Nc2 Rd8 24. Bxa5 bxa5 25. Kf1 a4 26. Ra1 Ra8 27. Ke2 f5 28. Ne3 g6 29. Nd5 a3 30. Ra2 Rb8 31. Kd2 Kf7 32. Kc3 Ke6 33. Nb4 Ra8 34. Kb3 g5 35. Na6 c6 36. c5 cxb5 37. Rxa3 Bb8 38. Nc7+ Bxc7 39. Rxa8 Kd5 40. Kb4 e4 41. fxe4+ fxe4 42. Rc8 Bxh2 43. Rd8+ Kc6 44. dxe4 h5 45. Rh8 h4 46. Rh6+ Kc7 47. Kxb5 1-0